An introduction to combustion : (Record no. 5435)
[ view plain ]
| 000 -LEADER | |
|---|---|
| fixed length control field | 01022cac a22002651u 4500 |
| 090 ## - LOCALLY ASSIGNED LC-TYPE CALL NUMBER (OCLC); LOCAL CALL NUMBER (OCLC) | |
| -- | 5435 |
| 008 - FIXED-LENGTH DATA ELEMENTS--GENERAL INFORMATION | |
| fixed length control field | 081029t xxu||||| |||| 00| 0 eng d |
| 010 ## - LIBRARY OF CONGRESS CONTROL NUMBER | |
| LC control number | 99025421 |
| 020 ## - INTERNATIONAL STANDARD BOOK NUMBER | |
| International Standard Book Number | 978007126072D (CD - Rom) |
| 020 ## - INTERNATIONAL STANDARD BOOK NUMBER | |
| International Standard Book Number | 978007126072 |
| 020 ## - INTERNATIONAL STANDARD BOOK NUMBER | |
| International Standard Book Number | 0072300965 |
| 082 00 - DEWEY DECIMAL CLASSIFICATION NUMBER | |
| Classification number | 621.4023 |
| Item number | TUR |
| 100 ## - MAIN ENTRY--PERSONAL NAME | |
| Personal name | Turns, Stephen R. |
| 9 (RLIN) | 664 |
| 245 13 - TITLE STATEMENT | |
| Title | An introduction to combustion : |
| Remainder of title | Concepts and Applications / |
| Statement of responsibility, etc | Stephen R. Turns. |
| 250 ## - EDITION STATEMENT | |
| Edition statement | 2nd ed. |
| 260 ## - PUBLICATION, DISTRIBUTION, ETC. (IMPRINT) | |
| Place of publication, distribution, etc | Boston : |
| Name of publisher, distributor, etc | WCB/McGraw-Hill, |
| Date of publication, distribution, etc | c2000. |
| 260 ## - PUBLICATION, DISTRIBUTION, ETC. (IMPRINT) | |
| Name of publisher, distributor, etc | One Copy Distributerd By Al-Ahram & Two Copies Distributed Bby Baccah. |
| 300 ## - PHYSICAL DESCRIPTION | |
| Extent | xxiii, 676 p. : |
| Other physical details | ill. ; |
| Dimensions | 24 cm. + |
| Accompanying material | 1 computer disk (3 1/2 in.) |
| 440 #0 - | |
| -- | McGraw-Hill series in mechanical engineering |
| -- | 665 |
| 504 ## - BIBLIOGRAPHY, ETC. NOTE | |
| Bibliography, etc | Includes bibliographical references and index. |
| 511 ## - PARTICIPANT OR PERFORMER NOTE | |
| Participant or performer note | Catalogued By: Wessam |
| 538 ## - SYSTEM DETAILS NOTE | |
| System details note | System requirements for accompanying computer disk: IBM PC pr 100% compatible and Windows 95 or above. |
| 650 #0 - SUBJECT ADDED ENTRY--TOPICAL TERM | |
| Topical term or geographic name as entry element | Combustion engineering. |
| 942 ## - ADDED ENTRY ELEMENTS (KOHA) | |
| Item type | Book - Borrowing |
| Call number prefix | 621.4023TUR |
| Source of classification or shelving scheme | Dewey Decimal Classification |
| Withdrawn status | Item status | Source of classification or shelving scheme | Damaged status | Not for loan | Vendor | Home library | Current library | Shelving location | Date acquired | Source of acquisition | Cost, normal purchase price | Total Checkouts | Total Renewals | Full call number | Barcode | Date last seen | Date last borrowed | Cost, replacement price | Koha item type |
|---|---|---|---|---|---|---|---|---|---|---|---|---|---|---|---|---|---|---|---|
| Dewey Decimal Classification | Central Library | Central Library | First floor | 29/10/2007 | 160.00 | 6 | 13 | 621.4023 TUR | 000006577 | 15/07/2025 | 16/11/2015 | 200.00 | Book - Borrowing | ||||||
| Dewey Decimal Classification | Central Library | Central Library | First floor | 29/10/2008 | Purchase | 160.00 | 8 | 32 | 621.4023 TUR | 000014152 | 15/07/2025 | 16/09/2015 | 200.00 | Book - Borrowing | |||||
| Dewey Decimal Classification | Central Library | Central Library | First floor | 29/10/2008 | Purchase | 160.00 | 621.4023 TUR | 000014153 | 15/07/2025 | 200.00 | NB - Book (Non borrowing) | ||||||||
| Dewey Decimal Classification | Central Library | Central Library | First floor | 29/10/2008 | 160.00 | 1 | 1 | 621.4023 TUR | 000014154 | 24/08/2022 | 26/08/2013 | 200.00 | CD | DVD - With book | ||||||
| Dewey Decimal Classification | Central Library | Central Library | First floor | 30/10/2008 | 160.00 | 1 | 621.4023 TUR | 000014159 | 24/08/2022 | 20/11/2008 | 200.00 | CD | DVD - With book | |||||||
| Dewey Decimal Classification | Central Library | Central Library | First floor | 11/02/2019 | Donation | 621.4023 TUR | 000044204 | 15/07/2025 | Book - Borrowing | ||||||||||
| Dewey Decimal Classification | Central Library | Central Library | First floor | 11/02/2019 | Donation | 621.4023 TUR | 000044203 | 11/02/2019 | CD | DVD - With book |